|
|
|
|
| LEADER |
00000nab a2200000 a 4500 |
| 001 |
vtls000412465 |
| 003 |
SK-MaSNL |
| 005 |
20260305020412.0 |
| 008 |
220422c1988 xo 0 slo |
| 015 |
|
|
|a SNBRA19rr/mm-uuuuu
|
| 035 |
|
|
|a CL0412590
|
| 040 |
|
|
|a SNKBUCL
|b slo
|c SNKBUCL
|e AACR2
|
| 041 |
0 |
|
|a slo
|
| 044 |
|
|
|a xo
|c SK
|
| 080 |
|
|
|a 616.248:615.834
|2 1981
|
| 080 |
|
|
|a 615.834
|2 1981
|
| 080 |
|
|
|a 612.018
|2 1981
|
| 100 |
1 |
|
|a Zvonár, Ján,
|d 1951-2023
|4 aut
|9 197339
|
| 245 |
1 |
0 |
|a Neurcendokrinné zmeny počas pobytu na Štrbskom Plese. Kortikosteroidné hormóny a klimatoterapia vo vysokohorskom prostredí u pacientov a astma bronchiale
|c J. Zvonár
|
| 300 |
|
|
|b Tb. 1. Grafy 7., lit. 14 zázn. v slov., češ., angl., nem.
|
| 650 |
0 |
7 |
|a astma
|2 snkbucl
|9 2427
|
| 650 |
0 |
7 |
|a klimatoterapia
|2 snkbucl
|9 13930
|
| 650 |
0 |
7 |
|a hormóny kortikosteroidné
|2 snkbucl
|9 1596002
|
| 655 |
|
7 |
|a články zo zborníkov
|2 snkbucl
|9 166140
|
| 773 |
0 |
|
|t Vplyv vysokohorského prostredia na organizmy
|d Bratislava : Slov. bioklimatologická spoločnosť pri SAV., 1988
|g S. 12-24
|
| 850 |
|
|
|a Slovenská národná knižnica v Martine
|a MTA001
|
| 852 |
|
|
|a SNK
|b KIS3GCP
|
| 958 |
|
|
|a NB
|
| 958 |
|
|
|a RK
|
| 958 |
|
|
|a ME
|
| 992 |
|
|
|a RZB
|
| 999 |
|
|
|c 3280513
|d 3282443
|